000 00737nam a2200241 a 4500
001 14361
003 BD-RjUL
005 20211208235620.0
008 140205s1957 maua b 001 0 eng
035 _a(BD-RjUL)14413
040 _aBD-RjUL
_beng
_cBD-RjUL
_dBD-RjUL
041 _aeng
082 _a621.38
_bCHO
100 1 _aCherry, Colin.
_91116
245 1 0 _aOn human communication :
_ba review, a survey, and a criticism /
_cColin Cherry.
260 _aCambridge, MA :
_bMIT Press,
_c1957.
300 _axiv, 333 p. :
_bill. ;
_c24 cm.
504 _aIncludes bibliographies and index.
650 0 _aCommunication.
_944818
650 0 _aLanguage and languages.
_944819
830 0 _aStudies in communication.
_944823
942 _2ddc
_cBK
999 _c14361
_d14361